000
00359nam a2200169Ia 4500
100
_a
Pillai/Rajendra
650
_a
Philosophy
942
_c
BK
366
_f
25
654
_a
life
245
_a
Living life the better way
260
_b
Better Yourself Books
_a
Bandra
_c
1995
082
_a
170/PIL
_b
PIL
300
_a
87
546
_a
ENGLISH
999
_c
27029
_d
27029